000
00308nam a2200133Ia 4500
005
20260328101454.0
008
260328s9999||||xx |||||||||||||| ||und||
100
_a
Morgan, Elaine
245
0
_a
La Ciudad en Crisis /
_c
Elaine Morgan
260
_b
Pomaire
300
_a
332 p.
650
_a
CIUDAD
942
_c
BK
999
_c
8767
_d
8767